000
00311nam a22001337a 4500
008
170413b xxu||||| |||| 00| 0 eng d
020
_a
9781932603545
041
_a
eng
080
_a
618
100
_a
10
101
_a
SHM
245
_a
COMPLETEARY AND ALTENATIVE MEDICINE
_c
BOWLING .A.C
942
_2
udc
_c
BK
999
_c
10633
_d
10633